03299nam a22004457a 4500003000500000005001700005007000300022008004100025020002200066040002300088050002200111082002400133100004600157245007400203250001700277264003800294300004000332336002700372337002700399338002800426490005700454504003300511505087900544520107501423650001302498650001802511650002402529650002402553650002802577650003002605650002402635650001202659650001402671650002302685650001902708650002002727650002502747650002402772830005702796chap20230515181908.0ta230515s2018 mx o|||fr|||| 001 0 spa d a978-607-97851-8-5 amxchpuacCHAPerda10aHD38.5b.S55 201800a658.5bS55 20182201 aSilvera Escudero, Rodolfo Enriqueeautor 10aMacrologística internacional / cRodolfo Enrique Silvera Escudero a1a edición aMéxico :bECO Ediciones, c2018 axvi, 206 páginas, btablas, fotos 2rdacontentatextobtxt 2rdamediaasin mediobn 2rdacarrieravolumenbnc1 aCiencias empresariales. Logística (ECOE Ediciones) aBibliografía: página 2070 aTABLA DE CONTENIDO -- PRÓLOGO -- INTRODUCCIÓN -- CAPÍTULO 1. MACROLOGÍSTICA EN EL COMERCIO INTERNACIONAL Y EL MARKETING -- CAPÍTULO 2. POLÍTICAS DE ADUANAS APLICADAS A LA MACROLOGÍSTICA INTERNACIONAL -- CAPÍTULO 3. COSTOS DE EXPORTACIÓN E IMPORTACIÓN APLICADOS A LA MACROLOGÍSTICA INTERNACIONAL -- CAPÍTULO 4. TAREAS DE LA DISTRIBUCIÓN FÍSICA INTERNACIONAL CON PLUS MACROLOGÍSTICO -- CAPÍTULO 5. APLICACIÓN DEL SISTEMA ÁLGEBRAICO A LA MACROLOGÍSTICA INTERNACIONAL -- CAPÍTULO 6. LA MACROLOGÍSTICA INTERNACIONAL Y LA CADENA DE SUMINISTRO GLOBAL -- CAPÍTULO 7. EJERCICIOS GENERALES DE LOGÍSTICA INTERNACIONAL -- ANEXOS -- MODELOS DE MATRIZ DE MONITOREO Y CONTROL DE LOS PROCESOS LOGÍSTICOS -- MATRIZ DE MONITOREO Y CONTROL DE IMPORTACIÓN Y EXPORTACIÓN DE LA DFI -- FORMATO DE DECLARACIÓN DE IMPORTACIÓN -- BIBLIOGRAFÍA2 aLa macrologística internacional es el análisis sistemático de los procesos de distribución física de mercancías, donde intervienen diferentes protagonistas, como importador o exportador, los operadores logísticos, transportistas, aseguradores, agentes de cargas, entre otros. Esta obra presenta un estudio general de tales procesos, a fin de asegurar el desplazamiento sin inconvenientes de las cargas a lo largo de la logística internacional. Aborda el marketing internacional para garantizar la distribución de los productos por los diferentes canales y analizar las oportunidades que brindan los mercados internacionales; teniendo en cuenta la economía abierta a los diferentes cambios tecnológicos y de infraestructura. Ofrece aplicaciones algebraicas y una serie de ejercicios aplicables a los procesos de la logística internacional. El libro va dirigido a estudiantes a nivel tecnológico y profesional en áreas afines a la distribución física internacional, negocios internaciones, comercio internacional, logística internacional.13aMercados13aMercadotecnia13aCanales de mercadeo13aEstudios de mercado13aAnálisis de mercado 13aEstrategias comerciales 13aGestión comercial13aMarkets13aMarketing13aMarketing channels13aMarket surveys13aMarket analysis13aMarketing strategies13aBusiness management aCiencias empresariales. Logística (ECOE Ediciones)